000 01226nam a2200325 a 4500
001 ebr10161291
003 CaPaEBR
006 m u
007 cr cn|||||||||
008 080812s2006 enk sb 001 0 eng d
020 _z0335215483 (pb)
020 _z0335215491 (hb)
020 _z9780335215485 (pb)
020 _z9780335215492 (hb)
040 _aCaPaEBR
_cCaPaEBR
035 _a(OCoLC)317384402
050 1 4 _aQ175.5
_b.B76 2006eb
100 1 _aBroks, Peter.
245 1 0 _aUnderstanding popular science
_h[electronic resource] /
_cPeter Broks.
260 _aMaidenhead :
_bOpen University,
_c2006.
300 _ax, 183 p.
490 1 _aIssues in cultural and media studies
504 _aIncludes bibliographical references and index.
533 _aElectronic reproduction.
_bPalo Alto, Calif. :
_cebrary,
_d2009.
_nAvailable via World Wide Web.
_nAccess may be limited to ebrary affiliated libraries.
650 0 _aScience
_xSocial aspects.
655 7 _aElectronic books.
_2local
710 2 _aebrary, Inc.
830 0 _aIssues in cultural and media studies.
856 4 0 _uhttp://site.ebrary.com/lib/rucke/Doc?id=10161291
_zAn electronic book accessible through the World Wide Web; click to view
999 _c132558
_d132558